International business (Record no. 361400)

MARC details
000 -LEADER
fixed length control field 00467 a2200193 4500
005 - DATE & TIME
control field 20250219164342.0
008 - FIXED-LENGTH DATA ELEMENTS--GENERAL INFORMATION
fixed length control field 250219b |||||||| |||| 00| 0 eng d
020 ## - ISBN
International Standard Book Number 9788121942805
Price Rs. 950.00
040 ## - CATALOGING SOURCE
Original cataloging agency VIVEKANANDA LIBRARY
082 ## - DDC NUMBER
Classification number 382
Book Number B469I
100 ## - MAIN ENTRY--PERSONAL NAME
Personal name Bhalla, V K
245 ## - TITLE STATEMENT
Title International business
260 ## - PUBLICATION, DISTRIBUTION, ETC. (IMPRINT)
Name of publisher, distributor, etc S Chand
Date of publication, distribution, etc 2024
Place of publication, distribution, etc Noida
300 ## - PHYSICAL DESCRIPTION
Pages xxi, 1114
650 ## - Subject
Subject International Business
650 ## - Subject
Subject Business
650 ## - Subject
Subject Commerce
942 ## - ADDED ENTRY ELEMENTS (KOHA)
Koha item type Books
Holdings
Withdrawn status Lost status Source of classification or shelving scheme Damaged status Not for loan Location (home branch) Sublocation or collection (holding branch) Shelving location Date acquired Koha issues (times borrowed) Koha full call number Accession No. Koha date last seen Koha item type
    Dewey Decimal Classification     VIVEKANANDA LIBRARY VIVEKANANDA LIBRARY Vivekananda Library 15/02/2025   382 B469I 442558 15/02/2025 Books
    Dewey Decimal Classification     VIVEKANANDA LIBRARY VIVEKANANDA LIBRARY Vivekananda Library 15/02/2025   382 B469I 442559 15/02/2025 Books
    Dewey Decimal Classification     VIVEKANANDA LIBRARY VIVEKANANDA LIBRARY Vivekananda Library 15/02/2025   382 B469I 442557 15/02/2025 Books
    Dewey Decimal Classification     VIVEKANANDA LIBRARY VIVEKANANDA LIBRARY Vivekananda Library 15/02/2025 1 382 B469I 442560 27/10/2025 Books
© Designed and Maintained by Vivekananda Library, MDU Rohtak